A hydrological evaluation and feasibility analysis of artificial groundwater recharge and recovery in eastern Paupa Valley, Riverside Country, California / (Record no. 165209)

MARC details
000 -LEADER
fixed length control field 00857nam a2200217 a 4500
008 - FIXED-LENGTH DATA ELEMENTS--GENERAL INFORMATION
fixed length control field
049 ## - LOCAL HOLDINGS (OCLC)
Holding library MAIN
090 ## - LOCALLY ASSIGNED LC-TYPE CALL NUMBER (OCLC); LOCAL CALL NUMBER (RLIN)
Classification number (OCLC) (R) ; Classification number, CALL (RLIN) (NR) RES GB1197.5 PHR
003 - CONTROL NUMBER IDENTIFIER
control field
005 - DATE AND TIME OF LATEST TRANSACTION
control field 20230123134409.0
040 ## - CATALOGING SOURCE
Transcribing agency NUST
100 1# - MAIN ENTRY--PERSONAL NAME
Personal name Phraner, Ralph Wilson.
245 10 - TITLE STATEMENT
Title A hydrological evaluation and feasibility analysis of artificial groundwater recharge and recovery in eastern Paupa Valley, Riverside Country, California /
Statement of responsibility, etc. Phrane, Ralph Wilson.
260 ## - PUBLICATION, DISTRIBUTION, ETC.
Place of publication, distribution, etc. Arizona :
Name of publisher, distributor, etc. The University Of Arizona,
Date of publication, distribution, etc. 1991.
300 ## - PHYSICAL DESCRIPTION
Extent 426 p. :
Other physical details ill. ;
Dimensions 21 cm.
500 ## - GENERAL NOTE
General note Thesis (MSc)---University Of Arizona, 1991.
504 ## - BIBLIOGRAPHY, ETC. NOTE
Bibliography, etc. note Includes bibliographical references.
700 ## - ADDED ENTRY--PERSONAL NAME
Personal name University Of Arizona
Numeration Dept. Of Hydrology and Water Resources.
Title of a work Thesis.
907 ## - LOCAL DATA ELEMENT G, LDG (RLIN)
a .b10234524
b 04-06-07
c 22-02-07
942 ## - ADDED ENTRY ELEMENTS (KOHA)
Koha item type Ordinary Loan Books
Call number prefix RES GB1197.5 PHR
Holdings
Date last seen Total Checkouts Full call number Barcode Cost, replacement price Price effective from Koha item type Lost status Source of classification or shelving scheme Damaged status Not for loan Collection Withdrawn status Home library Current library Shelving location Date acquired Cost, normal purchase price
01/23/2023   RES GB1197.5 PHR 92003012030 80.00 01/23/2023 BOOKS   LCC     NFIC   MAIN MAIN GEN 01/23/2023 80.00